[Event "Vladimir Dvorkovich Mem 2014"]
[Site "Taganrog RUS"]
[Date "2014.01.26"]
[Round "8.35"]
[White "Sipetin, Vladislav"]
[Black "Shamugia, Panteley"]
[Result "1/2-1/2"]
[WhiteElo "2069"]
[BlackElo "1961"]
[PlyCount "62"]
[EventDate "2014.01.18"]
[EventType "swiss"]
[EventRounds "9"]
[EventCountry "RUS"]
[Source "Mark Crowther"]
[SourceDate "2014.01.27"]

1. e4 e6 2. d4 d5 3. Nc3 dxe4 4. Nxe4 Nf6 5. Nxf6+ gxf6 6. Nf3 Nc6 7. Bb5 Bd7
8. Bf4 Bd6 9. Qd2 Bxf4 10. Qxf4 Nb4 11. Bxd7+ Kxd7 12. Qd2 Qe7 13. a3 Nd5 14.
c4 Nb6 15. Qc3 Rad8 16. O-O Kc8 17. b4 Rhg8 18. a4 Kb8 19. a5 Nc8 20. b5 Nd6
21. Rfb1 Ne4 22. Qe3 Ng5 23. Nxg5 Rxg5 24. Qe4 f5 25. Qf3 Rxd4 26. a6 Re4 27.
Qc3 Reg4 28. Qf3 Re4 29. Qc3 Reg4 30. Qf3 Re4 31. Qc3 Reg4 1/2-1/2

[Event "Vladimir Dvorkovich Mem 2014"]
[Site "Taganrog RUS"]
[Date "2014.01.26"]
[Round "8.37"]
[White "Yakimenko, Anastasia"]
[Black "Krivochkin, Ilya"]
[Result "1/2-1/2"]
[WhiteElo "1927"]
[BlackElo "1936"]
[PlyCount "82"]
[EventDate "2014.01.18"]
[EventType "swiss"]
[EventRounds "9"]
[EventCountry "RUS"]
[Source "Mark Crowther"]
[SourceDate "2014.01.27"]

1. e4 e6 2. d4 d5 3. e5 c5 4. c3 Qb6 5. Nf3 Nc6 6. a3 Nh6 7. b4 cxd4 8. cxd4
Nf5 9. Bb2 Bd7 10. g4 Nfe7 11. Bd3 Na5 12. Nc3 Nc4 13. Bxc4 dxc4 14. Ne4 Nd5
15. Nfd2 Qc6 16. Qf3 b5 17. Rc1 Qb7 18. Rg1 Bc6 19. g5 O-O-O 20. Qg3 Nxb4 21.
axb4 Bxe4 22. Bc3 h6 23. f3 Bf5 24. Rg2 hxg5 25. Qxg5 g6 26. Qe3 Rh3 27. Qf2
Be7 28. Kd1 Rdh8 29. Ra1 Kb8 30. Kc1 Bf8 31. Kb2 Bh6 32. Ra3 Bf4 33. d5 Rxh2
34. Rxh2 Rxh2 35. Qd4 Bxd2 36. Bxd2 exd5 37. Qf4 Rh1 38. e6+ Kc8 39. exf7 Rb1+
40. Ka2 Qxf7 41. Qd4 Rd1 1/2-1/2

[Event "Vladimir Dvorkovich Mem 2014"]
[Site "Taganrog RUS"]
[Date "2014.01.26"]
[Round "8.38"]
[White "Yakimenko, Viktoria"]
[Black "Potemkin, Evgeny"]
[Result "1-0"]
[WhiteElo "1935"]
[BlackElo "1841"]
[PlyCount "79"]
[EventDate "2014.01.18"]
[EventType "swiss"]
[EventRounds "9"]
[EventCountry "RUS"]
[Source "Mark Crowther"]
[SourceDate "2014.01.27"]

1. e4 c5 2. Nf3 Nc6 3. d4 cxd4 4. Nxd4 d6 5. c4 g6 6. Nc3 Bg7 7. Be3 Nf6 8. Be2
O-O 9. O-O Ne5 10. h3 Bd7 11. Rc1 b6 12. Re1 Rc8 13. b3 Nc6 14. Nf3 Ne8 15. Qd2
Ne5 16. Nd4 Nc6 17. Nf3 Nc7 18. Bf1 Rb8 19. Nh2 f5 20. exf5 Bxf5 21. Bh6 Ne5
22. Bxg7 Kxg7 23. f4 Nd7 24. Qe3 Re8 25. g4 Be6 26. Qd4+ Kf7 27. Nf3 h6 28. Bd3
Nf8 29. f5 gxf5 30. gxf5 Bd7 31. Qh4 e5 32. Qxh6 Re7 33. f6 Nce6 34. fxe7 Qxe7
35. Nd5 Qd8 36. Rf1 Nf4 37. Nh4 Qe7 38. Rxf4+ exf4 39. Bg6+ Nxg6 40. Qxg6+ 1-0

[Event "Vladimir Dvorkovich Mem 2014"]
[Site "Taganrog RUS"]
[Date "2014.01.26"]
[Round "8.39"]
[White "Pligin, G."]
[Black "Babkin, Anatoliy"]
[Result "1-0"]
[WhiteElo "1928"]
[BlackElo "1836"]
[PlyCount "29"]
[EventDate "2014.01.18"]
[EventType "swiss"]
[EventRounds "9"]
[EventCountry "RUS"]
[Source "Mark Crowther"]
[SourceDate "2014.01.27"]

1. Nf3 d5 2. g3 Nf6 3. Bg2 g6 4. O-O Bg7 5. c3 Nbd7 6. d3 O-O 7. Qc2 e5 8. Nbd2
Re8 9. e4 Nc5 10. Nb3 dxe4 11. Nxc5 exd3 12. Qb3 Qd5 13. Qxd5 Nxd5 14. Ng5 c6
15. Nxd3 1-0

[Event "Vladimir Dvorkovich Mem 2014"]
[Site "Taganrog RUS"]
[Date "2014.01.26"]
[Round "9.2"]
[White "Korobov, A."]
[Black "Sjugirov, S."]
[Result "1/2-1/2"]
[WhiteElo "2723"]
[BlackElo "2651"]
[PlyCount "67"]
[EventDate "2014.01.18"]
[EventType "swiss"]
[EventRounds "9"]
[EventCountry "RUS"]
[Source "Mark Crowther"]
[SourceDate "2014.01.27"]

1. d4 Nf6 2. c4 e6 3. Nc3 Bb4 4. e3 O-O 5. Nge2 d5 6. cxd5 exd5 7. g3 Re8 8.
Bg2 c6 9. O-O Bd6 10. Qc2 Na6 11. a3 Nc7 12. Bd2 a5 13. Rad1 h6 14. Kh1 Ne6 15.
Bc1 b5 16. e4 b4 17. exd5 Nc7 18. dxc6 bxc3 19. Nxc3 Bg4 20. Rd2 Qc8 21. d5 Bh3
22. Rdd1 Bxg2+ 23. Kxg2 Re5 24. f4 Rxd5 25. Nxd5 Ncxd5 26. Rxd5 Nxd5 27. Rd1
Nxf4+ 28. Bxf4 Bxf4 29. gxf4 Qg4+ 30. Kh1 Qf3+ 31. Kg1 Qg4+ 32. Kh1 Qf3+ 33.
Kg1 Qg4+ 34. Kh1 1/2-1/2

[Event "Vladimir Dvorkovich Mem 2014"]
[Site "Taganrog RUS"]
[Date "2014.01.26"]
[Round "9.3"]
[White "Smirnov, P."]
[Black "Yuffa, D."]
[Result "1-0"]
[WhiteElo "2630"]
[BlackElo "2373"]
[PlyCount "129"]
[EventDate "2014.01.18"]
[EventType "swiss"]
[EventRounds "9"]
[EventCountry "RUS"]
[Source "Mark Crowther"]
[SourceDate "2014.01.27"]

1. d4 Nf6 2. c4 g6 3. Nc3 Bg7 4. e4 d6 5. Nf3 O-O 6. Be2 e5 7. O-O Nbd7 8. Qc2
Re8 9. Rd1 Nh5 10. Bg5 f6 11. Be3 Nf4 12. c5 Nxe2+ 13. Qxe2 exd4 14. Bxd4 dxc5
15. Qc4+ Kh8 16. Bxc5 b6 17. Ba3 c5 18. e5 Qe7 19. Nd5 Qf7 20. Nxb6 Qxc4 21.
Nxc4 Ba6 22. Rac1 Nxe5 23. Nfxe5 fxe5 24. Nd6 Re7 25. Bxc5 Rd7 26. Ne4 Rad8 27.
Rxd7 Rxd7 28. Be3 Bf8 29. f3 Be7 30. Bg5 Bxg5 31. Nxg5 Bb7 32. Rc2 h6 33. Ne6
e4 34. fxe4 Rd1+ 35. Kf2 Bxe4 36. Rc8+ Kh7 37. Rc7+ Kg8 38. Rg7+ Kh8 39. Rxa7
Bf5 40. Nc5 Rd2+ 41. Kf3 Rxb2 42. a4 Rc2 43. Rc7 Ra2 44. Kf4 Bc2 45. Ra7 Bd1
46. a5 Rxg2 47. a6 Rf2+ 48. Ke5 Be2 49. Ra8+ Kh7 50. a7 Bf3 51. Rf8 Re2+ 52.
Kd6 Bh1 53. Rf7+ Kg8 54. Rc7 Ra2 55. Ke5 g5 56. Kf6 g4 57. Rg7+ Kh8 58. Kg6 Rb2
59. Rc7 Rb6+ 60. Kh5 Bf3 61. Kh4 Rb2 62. Nb7 Rxh2+ 63. Kg3 Ra2 64. Rc8+ Kg7 65.
a8=Q 1-0

[Event "Vladimir Dvorkovich Mem 2014"]
[Site "Taganrog RUS"]
[Date "2014.01.26"]
[Round "9.4"]
[White "Kokarev, Dm"]
[Black "Gabrielian, A."]
[Result "1/2-1/2"]
[WhiteElo "2625"]
[BlackElo "2555"]
[PlyCount "80"]
[EventDate "2014.01.18"]
[EventType "swiss"]
[EventRounds "9"]
[EventCountry "RUS"]
[Source "Mark Crowther"]
[SourceDate "2014.01.27"]

1. e4 c5 2. Nf3 e6 3. d4 cxd4 4. Nxd4 Nf6 5. Nc3 d6 6. g4 Nc6 7. g5 Nd7 8. Be3
Be7 9. h4 O-O 10. Qd2 a6 11. O-O-O Nxd4 12. Qxd4 b5 13. h5 Bb7 14. h6 e5 15.
Qd2 g6 16. Nd5 Bxd5 17. exd5 f6 18. gxf6 Nxf6 19. Qe2 Nh5 20. Kb1 Bg5 21. Qg4
Bxe3 22. fxe3 Nf6 23. Qe6+ Kh8 24. Bg2 Qc7 25. a3 Rae8 26. Qh3 a5 27. Rhf1 b4
28. Qh4 Ng8 29. axb4 axb4 30. Rxf8 Rxf8 31. Qxb4 Rb8 32. Qa3 Nxh6 33. Rd3 Nf5
34. Rc3 Qd8 35. Bh3 Qh4 36. Qa7 Rf8 37. Bxf5 Qh1+ 38. Ka2 Qxd5+ 39. b3 gxf5 40.
Rc7 Ra8 1/2-1/2

[Event "Vladimir Dvorkovich Mem 2014"]
[Site "Taganrog RUS"]
[Date "2014.01.26"]
[Round "9.5"]
[White "Shomoev, A."]
[Black "Kryakvin, D."]
[Result "0-1"]
[WhiteElo "2560"]
[BlackElo "2588"]
[PlyCount "134"]
[EventDate "2014.01.18"]
[EventType "swiss"]
[EventRounds "9"]
[EventCountry "RUS"]
[Source "Mark Crowther"]
[SourceDate "2014.01.27"]

1. e4 e6 2. d4 d5 3. Nc3 dxe4 4. Nxe4 Nd7 5. Nf3 Ngf6 6. Bd3 c5 7. O-O cxd4 8.
Nxd4 Nxe4 9. Bxe4 Nf6 10. Bf3 Bc5 11. Nb3 Bd6 12. Be3 Qc7 13. g3 Bd7 14. Bxb7
Rd8 15. Bf3 Bb5 16. Be2 Bc6 17. Nd4 Bc5 18. c3 e5 19. Nb5 Qb8 20. Qb3 Bxe3 21.
fxe3 O-O 22. Rad1 Qb6 23. c4 Ba8 24. Na3 Rxd1 25. Bxd1 Qc5 26. Be2 Ne4 27. Qd3
Ng5 28. h4 Ne4 29. Kh2 Qe7 30. Rd1 Qf6 31. Rf1 Qg6 32. Rg1 Qb6 33. Qb3 Qf6 34.
Rf1 Qg6 35. Rg1 Rd8 36. Qb5 h6 37. Qxe5 Qc6 38. Nb1 Nd2 39. Nc3 Nxc4 40. Bxc4
Qxc4 41. e4 Qd4 42. Qf4 Re8 43. Re1 f6 44. Re2 Qc4 45. Qf2 a5 46. Qa7 f5 47.
Qxa5 fxe4 48. Qa4 Qc8 49. Qb3+ Kh8 50. Nd5 e3 51. Rxe3 Rd8 52. Nf4 Rd2+ 53. Ne2
Qc6 54. Kh3 Qg2+ 55. Kg4 Rxe2 56. Qb8+ Kh7 57. Qxa8 h5+ 58. Kf4 Qxa8 59. Rxe2
Qxa2 60. Re5 Qc4+ 61. Re4 Qf1+ 62. Ke3 Qg2 63. b4 Qxg3+ 64. Kd4 Qd6+ 65. Kc4
Qc6+ 66. Kd4 Kg6 67. Re5 Qd6+ 0-1

[Event "Vladimir Dvorkovich Mem 2014"]
[Site "Taganrog RUS"]
[Date "2014.01.26"]
[Round "9.6"]
[White "Stukopin, A."]
[Black "Bukavshin, I."]
[Result "1/2-1/2"]
[WhiteElo "2523"]
[BlackElo "2578"]
[PlyCount "43"]
[EventDate "2014.01.18"]
[EventType "swiss"]
[EventRounds "9"]
[EventCountry "RUS"]
[Source "Mark Crowther"]
[SourceDate "2014.01.27"]

1. e4 c5 2. Nf3 e6 3. d4 cxd4 4. Nxd4 Nc6 5. Nc3 Qc7 6. Be2 Nf6 7. O-O Be7 8.
Be3 O-O 9. f4 d6 10. Qe1 Nxd4 11. Bxd4 e5 12. fxe5 dxe5 13. Qg3 Bc5 14. Bxc5
Qxc5+ 15. Kh1 Kh8 16. Rxf6 gxf6 17. Qh4 Rg8 18. Qxf6+ Rg7 19. Qd8+ Rg8 20. Qf6+
Rg7 21. Qd8+ Rg8 22. Qf6+ 1/2-1/2

[Event "Vladimir Dvorkovich Mem 2014"]
[Site "Taganrog RUS"]
[Date "2014.01.26"]
[Round "9.7"]
[White "Volkov, Sergey1"]
[Black "Tunik, G."]
[Result "1-0"]
[WhiteElo "2623"]
[BlackElo "2420"]
[PlyCount "101"]
[EventDate "2014.01.18"]
[EventType "swiss"]
[EventRounds "9"]
[EventCountry "RUS"]
[Source "Mark Crowther"]
[SourceDate "2014.01.27"]

1. d4 Nf6 2. c4 e6 3. Nc3 Bb4 4. f3 d5 5. a3 Bxc3+ 6. bxc3 c5 7. cxd5 exd5 8.
e3 c4 9. Ne2 Nc6 10. g4 O-O 11. Bg2 Na5 12. O-O Nb3 13. Ra2 b5 14. e4 dxe4 15.
fxe4 Nxg4 16. Bf4 a5 17. h3 Nh6 18. d5 Qh4 19. Nd4 Ra6 20. d6 Nc5 21. Qd2 Nd3
22. Bg5 Qg3 23. Be7 Bd7 24. Rf3 Qe1+ 25. Qxe1 Nxe1 26. Re3 Nxg2 27. Rxg2 Re8
28. e5 g6 29. Rf2 Ra7 30. Ref3 Rxe7 31. dxe7 Be8 32. e6 Rxe7 33. Re3 fxe6 34.
Rxe6 Rxe6 35. Nxe6 Nf5 36. Rd2 Kf7 37. Ng5+ Ke7 38. Re2+ Kd7 39. Nxh7 Bf7 40.
Re5 b4 41. cxb4 axb4 42. axb4 Kd6 43. Rc5 Nd4 44. Nf6 Nb3 45. Ne4+ Kd7 46. Rg5
Nd4 47. Kf2 Kc6 48. Rc5+ Kd7 49. b5 Nb3 50. Rc6 Nd4 51. Rc5 1-0

[Event "Vladimir Dvorkovich Mem 2014"]
[Site "Taganrog RUS"]
[Date "2014.01.26"]
[Round "9.8"]
[White "Yuzhakov, O."]
[Black "Demchenko, A."]
[Result "0-1"]
[WhiteElo "2345"]
[BlackElo "2617"]
[PlyCount "132"]
[EventDate "2014.01.18"]
[EventType "swiss"]
[EventRounds "9"]
[EventCountry "RUS"]
[Source "Mark Crowther"]
[SourceDate "2014.01.27"]

1. e4 c5 2. Nf3 d6 3. d4 cxd4 4. Qxd4 a6 5. Be3 Nf6 6. Nc3 Nc6 7. Qb6 Qxb6 8.
Bxb6 Bg4 9. Be2 Rc8 10. Nd2 Be6 11. O-O g6 12. f4 Bg7 13. Na4 Nd7 14. c3 f5 15.
Be3 b5 16. Nb6 Rb8 17. Nxd7 Kxd7 18. exf5 gxf5 19. Nb3 Bc4 20. Rf2 a5 21. Bf3
a4 22. Bxc6+ Kxc6 23. Nd4+ Bxd4 24. Bxd4 Rhg8 25. Re1 e6 26. a3 Rg6 27. h3 Rbg8
28. Kh2 Bd5 29. Rg1 Be4 30. g3 Kd5 31. Rd2 Kc4 32. Bb6 e5 33. Be3 h5 34. h4 Kb3
35. fxe5 dxe5 36. Bg5 Rc8 37. Re1 Rcc6 38. Be7 Rg7 39. Bg5 Rgg6 40. Be7 Rg4 41.
Bg5 Rc4 42. Bf6 Rc5 43. Re3 Kc4 44. Rd7 Rg6 45. Rd6 Rc8 46. Re2 Rc5 47. Red2
Rg8 48. Re6 Rc6 49. Rxc6+ Bxc6 50. Bg5 Kb3 51. Kg1 Be4 52. Kf2 Rc8 53. Bf6 Re8
54. Re2 Re6 55. Bg7 Bd3 56. Rxe5 Rg6 57. Bh8 Bc4 58. Rxf5 Kxb2 59. Rxh5 Kxa3
60. Bd4 Kb3 61. Bc5 a3 62. Bxa3 Kxa3 63. Re5 Kb3 64. Re3 Kc2 65. h5 Rg5 66. g4
Rxg4 0-1

[Event "Vladimir Dvorkovich Mem 2014"]
[Site "Taganrog RUS"]
[Date "2014.01.26"]
[Round "9.9"]
[White "Rakhmanov, Ale"]
[Black "Papin, V."]
[Result "1/2-1/2"]
[WhiteElo "2606"]
[BlackElo "2510"]
[PlyCount "27"]
[EventDate "2014.01.18"]
[EventType "swiss"]
[EventRounds "9"]
[EventCountry "RUS"]
[Source "Mark Crowther"]
[SourceDate "2014.01.27"]

1. Nf3 d5 2. c4 d4 3. b4 f6 4. e3 e5 5. c5 a5 6. Bc4 dxe3 7. fxe3 Nh6 8. Nxe5
fxe5 9. Qh5+ Kd7 10. Qh3+ Ke8 11. Qh5+ Kd7 12. Qh3+ Ke8 13. Qh5+ Kd7 14. Qh3+
1/2-1/2

[Event "Vladimir Dvorkovich Mem 2014"]
[Site "Taganrog RUS"]
[Date "2014.01.26"]
[Round "9.10"]
[White "Lugovskoy, M."]
[Black "Maletin, P."]
[Result "0-1"]
[WhiteElo "2386"]
[BlackElo "2598"]
[PlyCount "106"]
[EventDate "2014.01.18"]
[EventType "swiss"]
[EventRounds "9"]
[EventCountry "RUS"]
[Source "Mark Crowther"]
[SourceDate "2014.01.27"]

1. e4 g6 2. d4 Bg7 3. Nc3 d6 4. Bg5 Nd7 5. Qd2 c5 6. Nf3 Ngf6 7. Bh6 Bxh6 8.
Qxh6 cxd4 9. Nxd4 a6 10. O-O-O b5 11. Nd5 Bb7 12. Nxf6+ exf6 13. Nb3 Qc7 14.
Qd2 Nc5 15. Qd4 Ke7 16. Bd3 Rac8 17. Rhe1 Rhe8 18. Kb1 Nxb3 19. axb3 Qc5 20.
Qe3 Kf8 21. Qh6+ Kg8 22. Re3 Qg5 23. Qxg5 fxg5 24. c4 bxc4 25. bxc4 a5 26. b3
Re6 27. Kb2 Rc5 28. Kc3 g4 29. Be2 h5 30. Rd4 Kf8 31. Bd3 Ke7 32. Bc2 Rce5 33.
Bd3 f5 34. f4 gxf3 35. gxf3 g5 36. h3 Rf6 37. Bc2 Bc8 38. h4 f4 39. hxg5 Rxg5
40. Re2 h4 41. Rd5 Rxd5 42. exd5+ Kd8 43. Kd4 h3 44. Bd3 Rh6 45. Rh2 Ke7 46.
Bf1 Kf6 47. c5 dxc5+ 48. Kxc5 Kg5 49. d6 Kh4 50. Kc6 Kg3 51. Rh1 h2 52. Kc7 Bf5
53. Bc4 Kg2 0-1

[Event "Vladimir Dvorkovich Mem 2014"]
[Site "Taganrog RUS"]
[Date "2014.01.26"]
[Round "9.11"]
[White "Sarana, A."]
[Black "Onischuk, V."]
[Result "0-1"]
[WhiteElo "2283"]
[BlackElo "2594"]
[PlyCount "64"]
[EventDate "2014.01.18"]
[EventType "swiss"]
[EventRounds "9"]
[EventCountry "RUS"]
[Source "Mark Crowther"]
[SourceDate "2014.01.27"]

1. e4 c6 2. d4 d5 3. Nc3 dxe4 4. Nxe4 Nf6 5. Nxf6+ gxf6 6. Nf3 Bg4 7. Be2 Qc7
8. O-O e6 9. Nh4 Bxe2 10. Qxe2 Nd7 11. c4 O-O-O 12. Rd1 Bd6 13. g3 Nf8 14. d5
Ng6 15. Nxg6 hxg6 16. Be3 c5 17. Kg2 f5 18. Bg5 Rde8 19. Bf6 Rh5 20. f4 e5 21.
fxe5 Bxe5 22. Bxe5 Rxe5 23. Qf2 f4 24. gxf4 Re4 25. Rf1 Rxc4 26. Rad1 Qd6 27.
b3 Rc3 28. b4 cxb4 29. Qxa7 Rxd5 30. Rde1 Rd2+ 31. Kg1 Rcc2 32. Rf3 Rxa2 0-1

[Event "Vladimir Dvorkovich Mem 2014"]
[Site "Taganrog RUS"]
[Date "2014.01.26"]
[Round "9.12"]
[White "Kovchan, A."]
[Black "Kharchenko, B."]
[Result "1/2-1/2"]
[WhiteElo "2554"]
[BlackElo "2494"]
[PlyCount "79"]
[EventDate "2014.01.18"]
[EventType "swiss"]
[EventRounds "9"]
[EventCountry "RUS"]
[Source "Mark Crowther"]
[SourceDate "2014.01.27"]

1. e4 e5 2. Nf3 Nc6 3. Nc3 Nf6 4. d4 Bb4 5. Nxe5 Qe7 6. Nxc6 Qxe4+ 7. Be2 Bxc3+
8. bxc3 Qxc6 9. O-O Qxc3 10. Rb1 O-O 11. d5 Qe5 12. c4 Re8 13. Re1 b6 14. Rb3
Bb7 15. Bb2 Qd6 16. Rf3 Nh5 17. Qd2 c6 18. Rf5 Nf6 19. Bxf6 gxf6 20. Bf3 cxd5
21. cxd5 Ba6 22. Re3 Rxe3 23. Qxe3 Qb4 24. Be4 Re8 25. Rf4 f5 26. Rxf5 Rxe4 27.
Qg5+ Kf8 28. Qh6+ Ke8 29. h3 Bd3 30. Kh2 Re1 31. Rf4 Qb1 32. Qg7 Bg6 33. Qh8+
Ke7 34. Qc3 Rd1 35. Qf6+ Kf8 36. Qh8+ Ke7 37. Qf6+ Kf8 38. Qh8+ Ke7 39. Qf6+
Kf8 40. Qh8+ 1/2-1/2

[Event "Vladimir Dvorkovich Mem 2014"]
[Site "Taganrog RUS"]
[Date "2014.01.26"]
[Round "9.13"]
[White "Bocharov, D."]
[Black "Kotenko, P."]
[Result "1-0"]
[WhiteElo "2602"]
[BlackElo "2353"]
[PlyCount "77"]
[EventDate "2014.01.18"]
[EventType "swiss"]
[EventRounds "9"]
[EventCountry "RUS"]
[Source "Mark Crowther"]
[SourceDate "2014.01.27"]

1. c4 g6 2. e4 Bg7 3. d4 d6 4. Nc3 Nf6 5. f3 O-O 6. Be3 c5 7. d5 e6 8. Qd2 exd5
9. cxd5 a6 10. a4 Nbd7 11. Nh3 Ne5 12. Nf2 h5 13. Be2 Nh7 14. O-O f5 15. exf5
Bxf5 16. h3 h4 17. Nfe4 Nf7 18. Rfe1 Qd7 19. Bf1 Rae8 20. a5 Qd8 21. Bf2 Bh6
22. Qd1 Ne5 23. Ra4 Bd7 24. Ra3 Bc8 25. Kh1 Bf4 26. Rb3 g5 27. Ne2 Nf6 28. Nxf4
Nxe4 29. Rxe4 Rxf4 30. Rxf4 gxf4 31. Ra3 Bf5 32. Qd2 Ng6 33. b4 cxb4 34. Qxb4
Qe7 35. Rb3 Bc8 36. Bd3 Qf6 37. Bxg6 Qxg6 38. Qxf4 Re2 39. Qxh4 1-0

[Event "Vladimir Dvorkovich Mem 2014"]
[Site "Taganrog RUS"]
[Date "2014.01.26"]
[Round "9.14"]
[White "Gorkavij, V."]
[Black "Grigoriants, S RUS."]
[Result "1/2-1/2"]
[WhiteElo "2354"]
[BlackElo "2581"]
[PlyCount "47"]
[EventDate "2014.01.18"]
[EventType "swiss"]
[EventRounds "9"]
[EventCountry "RUS"]
[Source "Mark Crowther"]
[SourceDate "2014.01.27"]

1. e4 c5 2. Nf3 e6 3. g3 Nc6 4. Bg2 Nf6 5. Nc3 d6 6. O-O Be7 7. d4 cxd4 8. Nxd4
Bd7 9. b3 a6 10. Bb2 Rc8 11. Nce2 b5 12. Re1 Qc7 13. Nxc6 Bxc6 14. Nd4 Bd7 15.
Rc1 O-O 16. Qd2 Qb8 17. Ba3 Rfe8 18. Bb4 Bf8 19. h3 Red8 20. Ba5 Re8 21. Bb4
Red8 22. Ba5 Re8 23. Bb4 Red8 24. Ba5 1/2-1/2

[Event "Vladimir Dvorkovich Mem 2014"]
[Site "Taganrog RUS"]
[Date "2014.01.26"]
[Round "9.15"]
[White "Kornyukov, A."]
[Black "Saduakassova, D."]
[Result "1/2-1/2"]
[WhiteElo "2437"]
[BlackElo "2348"]
[PlyCount "81"]
[EventDate "2014.01.18"]
[EventType "swiss"]
[EventRounds "9"]
[EventCountry "RUS"]
[Source "Mark Crowther"]
[SourceDate "2014.01.27"]

1. d4 Nf6 2. Bf4 d5 3. e3 g6 4. c4 Bg7 5. Nc3 c5 6. dxc5 Qa5 7. Qa4+ Qxa4 8.
Nxa4 Be6 9. Bxb8 Rxb8 10. cxd5 Bxd5 11. Bb5+ Kf8 12. Nf3 a6 13. Bd3 Nd7 14. Rc1
Bxa2 15. Bc4 Bxc4 16. Rxc4 Rc8 17. b3 e6 18. Ke2 Ke7 19. Rd1 Rc7 20. Ng5 Rb8
21. f4 h6 22. Ne4 Rd8 23. g4 Bf8 24. Rc3 f5 25. gxf5 gxf5 26. Nf2 b5 27. cxb6
Rxc3 28. Nxc3 Rb8 29. Na4 Nxb6 30. Nxb6 Rxb6 31. Ra1 Bg7 32. Ra4 Rxb3 33. Rxa6
Rb2+ 34. Kf3 Rb3 35. Ra7+ Kf8 36. Rd7 Bf6 37. Rd3 Rb2 38. Kg3 Bh4+ 39. Kxh4
Rxf2 40. Kg3 Re2 41. h3 1/2-1/2

[Event "Vladimir Dvorkovich Mem 2014"]
[Site "Taganrog RUS"]
[Date "2014.01.26"]
[Round "9.16"]
[White "Pasiev, R."]
[Black "Kudelya, I."]
[Result "1/2-1/2"]
[WhiteElo "2405"]
[BlackElo "2232"]
[PlyCount "81"]
[EventDate "2014.01.18"]
[EventType "swiss"]
[EventRounds "9"]
[EventCountry "RUS"]
[Source "Mark Crowther"]
[SourceDate "2014.01.27"]

1. d4 Nf6 2. Nc3 g6 3. e4 d6 4. Bg5 h6 5. Bh4 Bg7 6. e5 Nfd7 7. e6 fxe6 8. Bd3
Nf8 9. Nf3 c6 10. Qe2 Nbd7 11. O-O-O Nf6 12. Bg3 Qa5 13. Nh4 Kf7 14. f4 Bd7 15.
Kb1 Re8 16. h3 b5 17. Ne4 b4 18. Nxf6 exf6 19. Bf2 f5 20. g4 Qd8 21. Nf3 a5 22.
Bc4 d5 23. Bd3 Bf6 24. Rhg1 Re7 25. Ne5+ Ke8 26. Rde1 Rg8 27. h4 Qc7 28. Qe3
Kd8 29. Rc1 c5 30. dxc5 g5 31. hxg5 hxg5 32. Rce1 gxf4 33. Qxf4 Bxe5 34. Qxe5
Qxe5 35. Rxe5 Reg7 36. c6 Bxc6 37. Bb6+ Kd7 38. Bc5 Rh8 39. Rge1 Rg6 40. a3
bxa3 41. b4 1/2-1/2

[Event "Vladimir Dvorkovich Mem 2014"]
[Site "Taganrog RUS"]
[Date "2014.01.26"]
[Round "9.17"]
[White "Vastrukhin, O."]
[Black "Dauletova, G."]
[Result "1-0"]
[WhiteElo "2370"]
[BlackElo "2218"]
[PlyCount "89"]
[EventDate "2014.01.18"]
[EventType "swiss"]
[EventRounds "9"]
[EventCountry "RUS"]
[Source "Mark Crowther"]
[SourceDate "2014.01.27"]

1. g3 d5 2. Nf3 c6 3. Bg2 Bg4 4. O-O Nd7 5. c4 Bxf3 6. Bxf3 Ne5 7. Qb3 Nxf3+ 8.
Qxf3 dxc4 9. Na3 Qd4 10. Qc3 Qxc3 11. dxc3 b5 12. Nc2 e5 13. a4 a6 14. axb5
cxb5 15. Rd1 Nf6 16. Bg5 Be7 17. Bxf6 Bxf6 18. Nb4 O-O 19. Nxa6 Rfd8 20. Nc7
Rxd1+ 21. Rxd1 Ra2 22. Rb1 b4 23. cxb4 e4 24. Rc1 Rxb2 25. Rxc4 Rxe2 26. Nd5
Re1+ 27. Kg2 h6 28. b5 Rb1 29. Rb4 Rxb4 30. Nxb4 Bd4 31. Nd5 Kf8 32. b6 f5 33.
b7 Be5 34. Nb4 g5 35. Nc6 Bd6 36. b8=Q+ Bxb8 37. Nxb8 h5 38. h4 gxh4 39. gxh4
f4 40. Nd7+ Ke7 41. Nc5 e3 42. fxe3 fxe3 43. Kf3 Kf6 44. Kxe3 Kf5 45. Kf3 1-0

[Event "Vladimir Dvorkovich Mem 2014"]
[Site "Taganrog RUS"]
[Date "2014.01.26"]
[Round "9.18"]
[White "Charochkina, D."]
[Black "Golubov, Saveliy"]
[Result "1-0"]
[WhiteElo "2359"]
[BlackElo "2307"]
[PlyCount "53"]
[EventDate "2014.01.18"]
[EventType "swiss"]
[EventRounds "9"]
[EventCountry "RUS"]
[Source "Mark Crowther"]
[SourceDate "2014.01.27"]

1. c4 Nf6 2. Nc3 e6 3. e4 c5 4. e5 Ng8 5. d4 cxd4 6. Qxd4 Nc6 7. Qe3 Nge7 8.
Bd3 Ng6 9. Nf3 b6 10. O-O Bc5 11. Qe2 Qc7 12. Re1 Bb7 13. h4 f5 14. h5 Nge7 15.
Nb5 Qb8 16. Bf4 Nc8 17. Rad1 Bb4 18. Bxf5 Bxe1 19. Rxd7 Kxd7 20. Qd3+ Ke8 21.
Bxe6 N8e7 22. Ng5 g6 23. Nf7 Bc8 24. Nfd6+ Kd8 25. Nb7+ Ke8 26. N5d6+ Qxd6 27.
Nxd6+ 1-0

[Event "Vladimir Dvorkovich Mem 2014"]
[Site "Taganrog RUS"]
[Date "2014.01.26"]
[Round "9.19"]
[White "Lopukhin, A."]
[Black "Belous, V."]
[Result "0-1"]
[WhiteElo "2327"]
[BlackElo "2569"]
[PlyCount "116"]
[EventDate "2014.01.18"]
[EventType "swiss"]
[EventRounds "9"]
[EventCountry "RUS"]
[Source "Mark Crowther"]
[SourceDate "2014.01.27"]

1. e4 c5 2. Nf3 Nc6 3. Bb5 d6 4. O-O Bd7 5. Re1 Nf6 6. c3 a6 7. Bf1 Bg4 8. h3
Bxf3 9. Qxf3 g6 10. d3 Bg7 11. Be3 O-O 12. Nd2 Nd7 13. Qd1 b5 14. Nf3 b4 15.
Qa4 Qc7 16. d4 bxc3 17. bxc3 Rac8 18. Rab1 e6 19. Red1 Nb6 20. Qb3 Rb8 21. Qc2
Na4 22. dxc5 dxc5 23. Nd2 Be5 24. Nb3 Na5 25. Nxa5 Qxa5 26. Rd7 Nxc3 27. Rxb8
Rxb8 28. Qd3 Rb1 29. Bh6 Rd1 30. Bd2 Qa4 31. Rd8+ Kg7 32. Qe3 Rxd2 33. Rxd2 Bd4
34. Qd3 Nxe4 35. Rc2 Qb4 36. Qd1 Nc3 37. Qd3 a5 38. Qc4 Ne4 39. Qxb4 cxb4 40.
Bd3 Nc3 41. Kf1 a4 42. Bc4 Kf6 43. Rd2 Ke5 44. f3 g5 45. Ke1 h6 46. g3 Nb1 47.
Rd1 Nc3 48. Rd2 Nd5 49. Bxd5 Kxd5 50. Kd1 Kc4 51. Kc2 f5 52. Re2 e5 53. g4 b3+
54. axb3+ axb3+ 55. Kc1 e4 56. fxe4 f4 57. Re1 Kd3 58. e5 f3 0-1

[Event "Vladimir Dvorkovich Mem 2014"]
[Site "Taganrog RUS"]
[Date "2014.01.26"]
[Round "9.20"]
[White "Nakhbayeva, G."]
[Black "Guseva, Marina"]
[Result "1-0"]
[WhiteElo "2287"]
[BlackElo "2388"]
[PlyCount "97"]
[EventDate "2014.01.18"]
[EventType "swiss"]
[EventRounds "9"]
[EventCountry "RUS"]
[Source "Mark Crowther"]
[SourceDate "2014.01.27"]

1. d4 d5 2. c4 c6 3. Nf3 Nf6 4. e3 Bg4 5. h3 Bh5 6. Nc3 e6 7. Qb3 Qb6 8. Ne5
Nfd7 9. Nd3 Bg6 10. Qd1 dxc4 11. Nf4 Qa6 12. h4 Nf6 13. Be2 Nd5 14. Nxg6 Nxc3
15. bxc3 hxg6 16. a4 Be7 17. g3 Nd7 18. O-O Qa5 19. Qc2 g5 20. h5 Nf6 21. e4 g4
22. e5 Qd5 23. h6 Nd7 24. Bxg4 g5 25. Qe2 Rxh6 26. Bf3 Qa5 27. Qxc4 Nb6 28. Qb3
O-O-O 29. Bd2 Qa6 30. Qc2 Nc4 31. Bc1 Rdh8 32. Ra2 Qb6 33. Re1 Rh2 34. Ra1 Qd8
35. a5 Qf8 36. a6 b6 37. Qe4 Qe8 38. Qxc6+ Qxc6 39. Bxc6 Na5 40. Bf3 Nb3 41.
Rb1 Nxc1 42. Rexc1 R2h6 43. c4 Bd8 44. d5 f6 45. c5 exd5 46. cxb6+ Kb8 47.
bxa7+ Kxa7 48. Rb7+ Kxa6 49. Bxd5 1-0